000 00406nam a2200145Ia 4500
008 230917s9999||||xx |||||||||||||| ||und||
040 _e151607
_aMAIN
041 _aEnglish
082 _a294.1 A81S
100 _aAgarwal, Vasudev Sharan
245 0 _aSparks from the Vedic fire: A new approach to Vedic symbolism
260 _aBanaras
_bBanaras Hindu University
_c1962
300 _a132 p.
942 _cBK
999 _c192321
_d192321